[Event "chess.com Speed"]
[Site "Chess.com INT"]
[Date "2019.10.03"]
[Round "1.5"]
[White "Artemiev, Vladislav"]
[Black "Grischuk, Alexander"]
[Result "1-0"]
[WhiteElo "2746"]
[BlackElo "2759"]
[PlyCount "91"]
[EventDate "2019.09.02"]
[EventType "k.o. (blitz)"]
[EventRounds "4"]
[EventCountry "USA"]
[SourceTitle "EXT 2020"]
[Source "ChessBase"]
[SourceDate "2019.10.17"]
[SourceVersion "1"]
[SourceVersionDate "2019.10.17"]
[SourceQuality "1"]

1. b3 d5 2. Bb2 Bf5 3. e3 e6 4. Nf3 h6 5. d3 ({RR} 5. c4 Nf6 6. Nc3 c6 7. Be2 Be7 8. O-O O-O 9. d3 Bh7 10. Qc2 a5 11. Rad1 Na6 12. a3 Nc5 13. Na4 Nxa4 14. bxa4 Nd7 15. Rb1 Rb8 16. Rfd1 Re8 17. Ne5 Bf8 18. Bh5 Re7 19. c5 Ra8 {Vachier Lagrave,M (2793)-Aronian,L (2797) Caleta 2018 ½-½ (45)}) ({RR} 5. c4 Nf6 6. Nc3 Nbd7 7. Be2 c6 8. O-O Bd6 9. a3 O-O 10. b4 a6 11. Rc1 e5 12. cxd5 cxd5 13. d3 Re8 14. Re1 Rc8 15. h3 Qe7 16. Bf1 Be6 17. Ne2 Rxc1 18. Qxc1 Qf8 19. Ng3 e4 {Artemiev,V (2709)-Lintchevski,D (2555) Chess.com INT 2021 ½-½ (50)}) 5... Nf6 6. Nbd2 ({RR} 6. Be2 Be7 7. Ne5 Nbd7 8. Nxd7 Qxd7 9. Nd2 c6 10. g4 Bg6 11. h4 Qc7 12. Rg1 O-O-O 13. Nf3 Bd6 14. Qd2 e5 15. O-O-O Kb8 16. Kb1 h5 17. g5 Ng4 18. Rdf1 f5 19. gxf6 gxf6 20. Ne1 Bf5 {Jagodzinski,P (2223)-Asensio Ramos,E (2216) chess.com INT 2025 1-0 (90)}) 6... Bh7 7. Qe2 c5 $146 ({RR} 7... Nc6 8. e4 Bc5 9. h3 O-O 10. g4 dxe4 11. dxe4 Nd4 12. Nxd4 Bxd4 13. O-O-O Bxb2+ 14. Kxb2 Qd4+ 15. c3 Qe5 16. f3 Rad8 17. Qh2 Qxh2 18. Rxh2 Rd7 19. Kc1 Rfd8 20. Be2 Ne8 21. Nc4 Rxd1+ 22. Bxd1 {Chan,L (2192)-Andreikin,D (2729) Chess.com INT 2022 1-0 (64)}) ({RR} 7... Nc6 8. e4 Bc5 9. h3 O-O 10. g4 dxe4 11. dxe4 Nd4 12. Nxd4 Bxd4 13. O-O-O Bxb2+ 14. Kxb2 Qd4+ 15. c3 Qe5 16. f3 Rad8 17. Qh2 Qxh2 18. Rxh2 Rd7 19. Kc1 Rfd8 20. Be2 Ne8 21. Nc4 Rxd1+ 22. Bxd1 {Chan,L (2192)-Andreikin,D (2729) Chess.com INT 2022 1-0 (64)}) 8. Rg1 Nc6 9. g4 d4 10. e4 Qc7 11. h4 Bd6 12. O-O-O b5 13. Kb1 Nd7 14. g5 a5 15. Bh3 hxg5 16. Rxg5 Bf8 17. Rdg1 a4 18. Rxg7 Bxg7 19. Rxg7 axb3 20. cxb3 Qf4 21. Ng5 Bg8 22. Ngf3 Nde5 23. Bc1 Qf6 24. Rg5 Bh7 25. Bg2 Nxf3 26. Nxf3 e5 27. Bh3 Bg6 28. Bg4 Qe7 29. h5 Bh7 30. Rg7 Qf6 31. h6 Bg6 32. Bg5 Qd6 33. Nh4 c4 34. dxc4 d3 35. Qe3 d2 36. Qxd2 Bxe4+ 37. Ka1 Qxd2 38. Bxd2 bxc4 39. bxc4 Nd4 40. Kb2 Rb8+ 41. Kc3 Ra8 42. Bg5 Rxa2 43. Bh5 Rc2+ 44. Kb4 Bd3 45. Bxf7+ Kf8 46. Bd5 1-0

[Event "chess.com Speed"]
[Site "Chess.com INT"]
[Date "2019.09.03"]
[Round "1.9"]
[White "Vachier Lagrave, Maxime"]
[Black "Wei, Yi"]
[Result "1-0"]
[WhiteElo "2774"]
[BlackElo "2721"]
[PlyCount "91"]
[EventDate "2019.09.02"]
[EventType "k.o. (blitz)"]
[EventRounds "4"]
[EventCountry "USA"]
[SourceTitle "EXT 2020"]
[Source "ChessBase"]
[SourceDate "2019.10.17"]
[SourceVersion "1"]
[SourceVersionDate "2019.10.17"]
[SourceQuality "1"]

1. Nf3 d5 2. g3 g6 3. Bg2 c5 4. c4 Nf6 ({RR} 4... d4 5. b4 cxb4 6. a3 b3 7. d3 Nc6 8. O-O Nf6 9. Nbd2 Bg7 10. Nxb3 O-O 11. a4 a5 12. Ba3 Re8 13. Rb1 e5 14. Ng5 h6 15. Ne4 Nxe4 16. Bxe4 Qc7 17. Nd2 Bf8 18. c5 Nb4 19. Bxb4 {Jakovenko,D (2704)-Volkov,S (2624) Khanty-Mansiysk 2016 1-0 (53)}) ({RR} 4... d4 5. O-O Nc6 6. d3 Bg7 7. Re1 Nf6 8. a3 a5 9. e3 O-O 10. exd4 cxd4 11. Nbd2 Bf5 12. Ng5 Qd7 13. Nde4 Nxe4 14. Nxe4 Ne5 15. Bf4 Rfc8 16. b4 axb4 17. Bxe5 Bxe5 18. axb4 Rxa1 19. Qxa1 {Kaldarova,A (2248)-Avetisyan,A (1904) Petrovac MNE 2025 1-0 (59)}) 5. cxd5 Nxd5 6. d4 Bg7 7. dxc5 $146 ({RR} 7. O-O cxd4 8. Nxd4 Nc7 9. Nb3 Qxd1 10. Rxd1 Nc6 11. Nc3 O-O 12. Bf4 Ne6 13. Be3 Rd8 14. Rxd8+ Nexd8 15. Rd1 Bf5 16. Nd4 Nxd4 17. Bxd4 Bxd4 18. Rxd4 Rc8 19. f4 Nc6 20. Rc4 Be6 21. Rc5 Kf8 {Injac,T (2370)-Sargsyan,A (2388) Iasi 2021 1-0 (35)}) ({RR} 7. O-O cxd4 8. Nxd4 Nc7 9. Nb3 Qxd1 10. Rxd1 Nc6 11. Nc3 O-O 12. Bf4 Ne6 13. Be3 Rd8 14. Rxd8+ Nexd8 15. Rd1 Bf5 16. Nd4 Nxd4 17. Bxd4 Bxd4 18. Rxd4 Rc8 19. f4 Nc6 20. Rc4 Be6 21. Rc5 Kf8 {Injac,T (2370)-Sargsyan,A (2388) Iasi 2021 1-0 (35)}) 7... Qa5+ 8. Nfd2 Qxc5 9. Nb3 Qb4+ 10. Bd2 Qd6 11. Na3 O-O 12. O-O Nb6 13. Bc3 Qxd1 14. Rfxd1 Bxc3 15. bxc3 Na4 16. c4 Nc6 17. Rac1 Rb8 18. c5 Be6 19. Bxc6 bxc6 20. Nd4 Bd5 21. Rd2 e5 22. Nf3 f6 23. Ne1 Rfd8 24. f3 Be6 25. Nd3 Rd4 26. Kf2 Rbd8 27. Ke1 Bf5 28. Nc2 Rc4 29. Ncb4 Rxc1+ 30. Nxc1 Rxd2 31. Kxd2 Nxc5 32. Nxc6 a6 33. Ne7+ Kf7 34. Nxf5 gxf5 35. Nd3 Na4 36. Nb4 Nc5 37. Kc3 Ke6 38. Kc4 Kd6 39. Nd5 Nd7 40. f4 exf4 41. gxf4 h6 42. a4 a5 43. Ne3 Ke6 44. Kb5 Nf8 45. Kxa5 Ng6 46. Kb6 1-0

[Event "chess.com Speed"]
[Site "Chess.com INT"]
[Date "2019.09.03"]
[Round "1.25"]
[White "Ding, Liren"]
[Black "Shankland, Samuel L"]
[Result "1-0"]
[WhiteElo "2811"]
[BlackElo "2705"]
[PlyCount "71"]
[EventDate "2019.09.02"]
[EventType "k.o. (blitz)"]
[EventRounds "4"]
[EventCountry "USA"]
[SourceTitle "EXT 2020"]
[Source "ChessBase"]
[SourceDate "2019.10.17"]
[SourceVersion "1"]
[SourceVersionDate "2019.10.17"]
[SourceQuality "1"]

1. Nf3 d5 2. g3 Nf6 3. Bg2 g6 4. O-O Bg7 5. c4 dxc4 6. Na3 O-O 7. Nxc4 c5 ({RR} 7... c6 8. d3 Nbd7 9. Rb1 Nb6 10. Nxb6 axb6 11. a3 b5 12. Qc2 Re8 13. b4 e5 14. e4 Bg4 15. Bb2 Nd7 16. Nd2 Nf8 17. Nb3 Qc8 18. f4 Bh3 19. Bxh3 Qxh3 20. f5 Nd7 21. Nd2 Re7 22. Rf2 {Deak-Sala,E (2112)-Krkyasharyan,S (1989) Rhodes GRE 2025 ½-½ (36)}) 8. b3 Nc6 9. Bb2 Be6 10. d4 $146 ({RR} 10. Rc1 Rc8 11. d3 b6 12. Qd2 Qd7 13. Rfd1 Rfd8 14. Nfe5 Nxe5 15. Nxe5 Qd6 16. b4 Nd7 17. Nxd7 Bxb2 18. Qxb2 Bxd7 19. bxc5 Rxc5 20. Rxc5 Qxc5 21. Rc1 Qd6 22. h4 Rc8 23. Rxc8+ Bxc8 24. d4 Bd7 {Carlsen,M (2865)-Artemiev,V (2700) chess24.com INT 2022 1-0 (42)}) ({RR} 10. Rc1 Rc8 11. d3 b6 12. Qd2 Qd7 13. Rfd1 Rfd8 14. Nfe5 Nxe5 15. Nxe5 Qd6 16. b4 Nd7 17. Nxd7 Bxb2 18. Qxb2 Bxd7 19. bxc5 Rxc5 20. Rxc5 Qxc5 21. Rc1 Qd6 22. h4 Rc8 23. Rxc8+ Bxc8 24. d4 Bd7 {Carlsen,M (2865)-Artemiev,V (2700) chess24.com INT 2022 1-0 (42)}) 10... Bxc4 11. bxc4 Ne8 12. e3 Nd6 13. Qe2 cxd4 14. exd4 e6 15. Rfd1 Rc8 16. Rac1 Re8 17. Ne5 Qc7 18. Nxc6 bxc6 19. Ba3 Red8 20. d5 Qa5 21. Bxd6 Rxd6 22. dxc6 Rcd8 23. Rxd6 Rxd6 24. Rb1 Bd4 25. h4 Bb6 26. Rb5 Qc3 27. c5 Bxc5 28. Rb8+ Kg7 29. c7 Rd2 30. Qxd2 Qxd2 31. c8=Q Bxf2+ 32. Kh2 Qe3 33. Qf8+ Kf6 34. Qd8+ Kg7 35. Qf8+ Kf6 36. Rb3 1-0

[Event "chess.com Speed"]
[Site "Chess.com INT"]
[Date "2019.09.03"]
[Round "1.25"]
[White "Vachier Lagrave, Maxime"]
[Black "Wei, Yi"]
[Result "1-0"]
[WhiteElo "2774"]
[BlackElo "2721"]
[PlyCount "87"]
[EventDate "2019.09.02"]
[EventType "k.o. (blitz)"]
[EventRounds "4"]
[EventCountry "USA"]
[SourceTitle "EXT 2020"]
[Source "ChessBase"]
[SourceDate "2019.10.17"]
[SourceVersion "1"]
[SourceVersionDate "2019.10.17"]
[SourceQuality "1"]

1. Nf3 e6 2. g3 g5 3. Bg2 g4 4. Ne5 ({RR} 4. Nd4 Bg7 5. Nb3 h5 6. h4 gxh3 7. Rxh3 d5 8. e4 dxe4 9. Rxh5 Rxh5 10. Qxh5 Nf6 11. Qg5 Kf8 12. Nc3 Nc6 13. Nxe4 Nxe4 14. Qxd8+ Nxd8 15. Bxe4 a5 16. a4 Bd7 17. c3 Bc6 18. Bxc6 Nxc6 {Piesik,P (2440)-Kishiev,F (2212) chess.com INT 2025 1-0 (55)}) 4... h5 5. d4 Bg7 6. c3 c5 $146 ({RR} 6... Nc6 7. Nxc6 bxc6 8. Nd2 Qf6 9. Ne4 Qg6 10. Bf4 f5 11. Nc5 Ne7 12. Bxc7 h4 13. Qd3 h3 14. Bf1 Nd5 15. Bd6 Nf6 16. e3 Ne4 17. Nxe4 fxe4 18. Qd1 Bf8 19. Bxf8 Rxf8 20. Be2 Qf5 21. O-O {Kildahl,B (2108)-Arun,S (2225) Natick 2014 ½-½ (41)}) 7. Na3 d5 8. O-O Ne7 9. Bf4 c4 10. Nc2 f6 11. Nxc4 dxc4 12. e4 Nbc6 13. d5 Ne5 14. Ne3 N7g6 15. Qa4+ Bd7 16. Qc2 Nxf4 17. gxf4 Nf3+ 18. Bxf3 gxf3 19. dxe6 Bxe6 20. Rad1 Qc7 21. f5 Bf7 22. Qa4+ Qc6 23. Qa3 Bf8 24. Qa5 Bd6 25. Kh1 Rg8 26. Rfe1 a6 27. Nd5 Be5 28. Qb4 Bxd5 29. exd5 Qd7 30. Qb6 Qxf5 31. Qxb7 Rd8 32. d6 Qe6 33. Qxf3 Rg4 34. h3 Rh4 35. Re3 Kf7 36. Qb7+ Rd7 37. Qf3 Rxd6 38. Rxd6 Qxd6 39. Kg2 Kg6 40. Qa8 Qe6 41. Qb7 Rf4 42. Rg3+ Rg4 43. hxg4 h4 44. Qe4+ 1-0

[Event "chess.com Speed"]
[Site "Chess.com INT"]
[Date "2019.11.14"]
[Round "2.12"]
[White "Artemiev, Vladislav"]
[Black "Aronian, Levon"]
[Result "1-0"]
[WhiteElo "2746"]
[BlackElo "2758"]
[PlyCount "149"]
[EventDate "2019.09.02"]
[EventType "k.o. (blitz)"]
[EventRounds "4"]
[EventCountry "USA"]
[SourceTitle "CBM 193 Extra"]
[Source "ChessBase"]
[SourceDate "2020.01.31"]
[SourceVersion "1"]
[SourceVersionDate "2020.01.31"]
[SourceQuality "1"]

1. b3 Nf6 2. Bb2 g6 3. g3 Bg7 4. Bg2 O-O 5. Nf3 c5 6. c4 Nc6 7. O-O d5 8. cxd5 Nxd5 9. Bxg7 Kxg7 10. d4 cxd4 11. Nxd4 Nxd4 12. Qxd4+ Nf6 13. Qe5 a5 ({RR} 13... Qd6 14. Qxd6 exd6 15. Nc3 Rd8 16. Rfd1 a6 17. Rd4 Rb8 18. Rad1 Bf5 19. e4 Bg4 20. e5 Bxd1 21. exf6+ Kxf6 22. Rxd1 Kg7 23. Nd5 Rbc8 24. Ne3 Rc7 25. Kf1 a5 26. Ke2 b5 27. Rd5 Rc5 28. Rd4 {Karjakin,S (2756)-Ponomariov,R (2731) Beijing 2013 1-0 (52)}) ({RR} 13... Kg8 14. Nc3 Ng4 15. Qd5 Rb8 16. h3 Nf6 17. Qe5 Be6 18. Rfd1 Qb6 19. Na4 Qa6 20. Nc5 Qa5 21. b4 Qb5 22. a4 Qb6 23. Nxe6 Qxe6 24. Qxe6 fxe6 25. Rac1 Rfc8 26. b5 Kf7 27. Rxc8 Rxc8 28. Bxb7 {O'Connor,J (2163)-O'Dwyer,F (1917) Dublin IRL 2024 1-0 (44)}) 14. Nc3 Ra6 15. Rfd1 Qe8 $146 ({RR} 15... Rd6 16. Rxd6 exd6 17. Qd4 Qe7 18. Rd1 Qe5 19. f4 Qxd4+ 20. Rxd4 Rd8 21. e4 Kf8 22. e5 Ne8 23. Kf2 Rd7 24. Rc4 Rd8 25. Rd4 Rd7 26. exd6 Rxd6 27. Ke3 Ke7 28. Nd5+ Kd8 29. Nb6 Kc7 30. Nxc8 {Mundorf,J (2205)-Schulze,M (1926) Dortmund 2013 1-0 (39)}) ({RR} 15... Re6 16. Qb5 Qb6 17. Qxb6 Rxb6 18. Rac1 Rb4 19. Na4 Bg4 20. Kf1 Rc8 21. Ke1 Rxc1 22. Rxc1 Bd7 23. Nc5 b6 24. Nxd7 Nxd7 25. Rc7 Rd4 26. Bc6 Ne5 27. Bb5 Kf8 28. Rb7 Rd6 29. f4 Ng4 30. e4 {Lazic,M (2300)-Radusinovic,L (2308) Vrnjacka Banja 2022 ½-½ (67)}) 16. Nd5 Re6 17. Qb2 Rd6 18. Rd3 Kg8 19. Nxf6+ Rxf6 20. Rc1 Bf5 21. Rd2 Qb8 22. Qa3 Rd8 23. Qxa5 b6 24. Qb4 Rxd2 25. Qxd2 Rd6 26. Qe3 Qd8 27. h4 h5 28. Kh2 Bg4 29. Rc2 Bf5 30. Rc4 Bg4 31. a4 Rd2 32. Bf3 Bxf3 33. Qxf3 Qd6 34. Qc3 f6 35. Qe3 Rb2 36. Qh6 Kf7 37. Re4 f5 38. Qh7+ Kf6 39. Qh8+ Kf7 40. Rxe7+ Qxe7 41. Qxb2 f4 42. Qd2 fxg3+ 43. Kxg3 Qe6 44. Qf4+ Kg7 45. Qd4+ Kh7 46. Qc4 Qe5+ 47. Kg2 Qf6 48. e3 Qd8 49. Qf7+ Kh6 50. Qf4+ Kh7 51. Qe4 Qd7 52. Kg3 Qd6+ 53. f4 Qd7 54. Kf2 Qh3 55. Qe7+ Kh6 56. Qg5+ Kh7 57. f5 gxf5 58. Qxh5+ Kg7 59. Qg5+ Kh7 60. b4 Qh2+ 61. Kf3 Qh1+ 62. Kf4 Qe4+ 63. Kg3 Qe5+ 64. Qf4 Qg7+ 65. Kh3 Qd7 66. h5 Qd5 67. Kh4 Qh1+ 68. Kg5 Qg2+ 69. Kxf5 Qd5+ 70. Kf6 Qd8+ 71. Ke6 Qe8+ 72. Kd6 Qxa4 73. Qe4+ Kh8 74. Kc7 Qb5 75. h6 1-0

[Event "chess.com Speed"]
[Site "Chess.com INT"]
[Date "2019.11.14"]
[Round "2.24"]
[White "Artemiev, Vladislav"]
[Black "Aronian, Levon"]
[Result "1-0"]
[WhiteElo "2746"]
[BlackElo "2758"]
[PlyCount "51"]
[EventDate "2019.09.02"]
[EventType "k.o. (blitz)"]
[EventRounds "4"]
[EventCountry "USA"]
[SourceTitle "CBM 193 Extra"]
[Source "ChessBase"]
[SourceDate "2020.01.31"]
[SourceVersion "1"]
[SourceVersionDate "2020.01.31"]
[SourceQuality "1"]

1. b3 {Horn,Peter} Nf6 2. Bb2 c5 3. Nf3 Nc6 4. e3 Qc7 ({RR} 4... g6 5. g3 d5 6. Bg2 Bg7 7. O-O O-O 8. d4 cxd4 9. exd4 Bg4 10. Nbd2 b5 11. h3 Bxf3 12. Nxf3 Qb6 13. Ne5 Rac8 14. Re1 e6 15. Nxc6 Rxc6 16. c3 a5 17. Rb1 Rfc8 18. Qd3 Ne8 19. h4 {Blatny,P (2540)-Relange,E (2480) Pula 1997 CBM 057 Extra [Horn,Peter] 0-1 (35)}) 5. d4 ({RR} 5. Bb5 a6 6. Be2 e5 7. d3 d5 8. Nbd2 Bd6 9. e4 d4 10. a4 O-O 11. O-O Bd7 12. Nc4 b5 13. Ncd2 Nh5 14. g3 g6 15. Re1 Ng7 16. Nh4 f5 17. axb5 axb5 18. Rxa8 Rxa8 19. exf5 gxf5 {Phillips,R (1852)-Vlassov,N (2283) chess.com INT 2023 0-1}) 5... cxd4 6. exd4 d5 7. Nbd2 $146 ({RR} 7. Be2 Bg4 8. O-O e6 9. h3 Bh5 10. c4 Be7 11. Nbd2 O-O 12. Rc1 Rad8 13. Ne5 Bxe2 14. Qxe2 Qa5 15. a3 Qa6 16. Nxc6 Qxc6 17. c5 Ne4 18. Nf3 Bf6 19. b4 a6 20. Rc2 Rc8 21. Bc1 Qa4 {Zarubitski,V (2448)-Benderac,A (2200) Cheliabinsk 2021 1-0 (42)}) ({RR} 7. Be2 Bg4 8. O-O e6 9. h3 Bh5 10. c4 Be7 11. Nbd2 O-O 12. Rc1 Rad8 13. Ne5 Bxe2 14. Qxe2 Qa5 15. a3 Qa6 16. Nxc6 Qxc6 17. c5 Ne4 18. Nf3 Bf6 19. b4 a6 20. Rc2 Rc8 21. Bc1 Qa4 {Zarubitski,V (2448)-Benderac,A (2200) Cheliabinsk 2021 1-0 (42)}) 7... Bf5 8. Nh4 Be4 9. Nxe4 dxe4 10. Nf5 O-O-O 11. Qd2 e5 12. O-O-O exd4 13. Bb5 Rd5 14. Bxc6 Rxf5 15. Bxb7+ Kxb7 16. Bxd4 Ba3+ 17. Kb1 Rd8 18. Qe3 Rfd5 19. c3 Bc5 20. Qe2 Bxd4 21. cxd4 Rxd4 22. Rxd4 Rxd4 23. Rc1 Qb6 24. Qc2 Rd8 25. Qc4 Qe6 26. Qc7+ 1-0

[Event "chess.com Speed"]
[Site "Chess.com INT"]
[Date "2020.01.05"]
[Round "3.23"]
[White "Nakamura, Hikaru"]
[Black "Nepomniachtchi, Ian"]
[Result "1-0"]
[WhiteElo "2745"]
[BlackElo "2776"]
[PlyCount "75"]
[EventDate "2019.09.02"]
[EventType "k.o. (blitz)"]
[EventRounds "4"]
[EventCountry "USA"]
[SourceTitle "CBM 195 Extra"]
[Source "ChessBase"]
[SourceDate "2020.05.31"]
[SourceVersion "1"]
[SourceVersionDate "2020.05.31"]
[SourceQuality "1"]

1. Nf3 c5 2. b3 Nc6 3. Bb2 d6 4. e3 e5 5. Bb5 Bd7 6. O-O Nf6 7. d4 cxd4 8. exd4 e4 9. d5 exf3 10. dxc6 bxc6 11. Re1+ Be7 12. Bxf6 gxf6 13. Bd3 $146 ({RR} 13. Qxf3 cxb5 14. Qxf6 Rg8 15. Nd2 Be6 16. Qf3 d5 17. Qe2 Qd7 18. Rad1 O-O-O 19. a4 b4 20. Nf3 Bd6 21. Nd4 Kb8 22. Nxe6 fxe6 23. Qxe6 Qxe6 24. Rxe6 Kc7 25. g3 Kc6 26. Kf1 Rde8 27. Rh6 Rg7 {Lochmann,V (1874)-Powierski,C (1925) Hamburg 2009 ½-½ (32)}) 13... fxg2 14. Qh5 Qb6 15. Nc3 Qc5 16. Qxc5 dxc5 17. Rad1 h5 18. Bc4 Rd8 19. Ne4 Kf8 20. h4 Bf5 21. Rxd8+ Bxd8 22. Nd6 Bg6 23. Re8+ Kg7 24. Rxh8 Kxh8 25. Bxf7 Bc7 26. Bxg6 Bxd6 27. Bxh5 Kg7 28. Bf3 Kg6 29. Kxg2 c4 30. Bxc6 cxb3 31. axb3 f5 32. Be8+ Kf6 33. Kf1 Bc5 34. Ke2 Bd4 35. f3 Bc3 36. Kd3 Be1 37. h5 Bh4 38. h6 1-0

[Event "chess.com Speed"]
[Site "Chess.com INT"]
[Date "2020.01.05"]
[Round "3.25"]
[White "Nakamura, Hikaru"]
[Black "Nepomniachtchi, Ian"]
[Result "1-0"]
[WhiteElo "2745"]
[BlackElo "2776"]
[PlyCount "89"]
[EventDate "2019.09.02"]
[EventType "k.o. (blitz)"]
[EventRounds "4"]
[EventCountry "USA"]
[SourceTitle "CBM 195 Extra"]
[Source "ChessBase"]
[SourceDate "2020.05.31"]
[SourceVersion "1"]
[SourceVersionDate "2020.05.31"]
[SourceQuality "1"]

1. Nf3 Nf6 2. b3 c5 3. Bb2 Nc6 4. e3 e6 5. d4 cxd4 6. Nxd4 Qc7 ({RR} 6... Be7 7. Nxc6 dxc6 8. Bd3 Qa5+ 9. Nd2 e5 10. O-O Be6 11. Nc4 Bxc4 12. Bxc4 Ba3 13. Qc1 Bxb2 14. Qxb2 O-O 15. b4 Qc7 16. h3 Rfd8 17. Rfd1 Rd6 18. Rxd6 Qxd6 19. Be2 Qe7 20. Rd1 g6 21. Bc4 {Nakamura,H (2769)-Anand,V (2759) Paris 2018 ½-½ (32)}) ({RR} 6... d5 7. Be2 Qa5+ 8. c3 Be7 9. O-O O-O 10. Nd2 Bd7 11. f4 Rac8 12. Bd3 Nxd4 13. cxd4 Bb5 14. Qe2 Bxd3 15. Qxd3 Bb4 16. Nb1 Ne4 17. a3 Bd6 18. Rd1 Rc6 19. Nd2 f5 20. b4 Qa4 21. Nb3 {Hussain,N (1805)-Gumireddy,S (1907) Budapest HUN 2024 0-1 (51)}) 7. Nxc6 $146 ({RR} 7. Bd3 Bb4+ 8. c3 Ba5 9. O-O Ne5 10. Nb5 Qb8 11. Ba3 Bc7 12. g3 b6 13. Re1 Bb7 14. c4 Nf3+ 15. Kf1 Nxh2+ 16. Kg1 Bxg3 17. Nd2 Bxf2+ 18. Kxf2 Nfg4+ 19. Ke2 Qg3 20. Nd6+ Kd8 21. Nxb7+ Kc8 {Freerksen,U (1020)-Schwenke,N (1439) Bad Bevensen 2007 0-1}) 7... dxc6 8. Nd2 b6 9. c4 Bb7 10. Be2 c5 11. Bf3 Bd6 12. Bxb7 Qxb7 13. Qf3 Qxf3 14. gxf3 Ke7 15. f4 Rhd8 16. Ke2 g6 17. h4 h5 18. Nf3 Ng4 19. Ng5 Nh6 20. Ne4 Ng8 21. Rhg1 Ke8 22. Ng3 Be7 23. Nxh5 Bxh4 24. Rh1 Be7 25. Ng7+ Kd7 26. Rad1+ Kc6 27. Rdg1 Rd7 28. Nxe6 fxe6 29. Rxg6 Rad8 30. Bc3 Rd3 31. Rxe6+ Kb7 32. Bd4 cxd4 33. Kxd3 dxe3+ 34. Kxe3 Bc5+ 35. Kf3 Rf8 36. Rh8 Bd4 37. Rh7+ Ka6 38. b4 Nf6 39. Rhe7 Bc3 40. a3 Ra8 41. Rf7 Ng8 42. Ke4 Bb2 43. Kd3 Bxa3 44. Kc3 Bc1 45. Re1 1-0

[Event "FIDE World Cup"]
[Site "Khanty-Mansiysk"]
[Date "2019.09.12"]
[Round "1.2"]
[White "Ganguly, Surya Shekhar"]
[Black "Fedoseev, Vladimir1"]
[Result "1-0"]
[WhiteElo "2658"]
[BlackElo "2664"]
[PlyCount "114"]
[EventDate "2019.09.10"]
[EventType "k.o."]
[EventRounds "7"]
[EventCountry "RUS"]
[SourceTitle "CBM 192"]
[Source "ChessBase"]
[SourceDate "2019.10.31"]
[SourceVersion "1"]
[SourceVersionDate "2019.10.31"]
[SourceQuality "1"]

1. c4 e6 2. Nf3 Nf6 3. g3 d5 4. Bg2 d4 5. O-O c5 6. d3 Nc6 7. e3 Be7 8. exd4 cxd4 9. Re1 O-O 10. Na3 Qb6 ({RR} 10... Bc5 11. Ne5 Nxe5 12. Rxe5 Nd7 13. Re1 Re8 14. Bd2 Bxa3 15. bxa3 Rb8 16. Qa4 b6 17. Qxa7 Bb7 18. Qa4 Bxg2 19. Kxg2 Ra8 20. Qc2 Rxa3 21. Bb4 Qa8+ 22. Kg1 Ra4 23. a3 Nb8 24. Rab1 Nc6 25. Bd6 {Giri,A (2760)-Praggnanandhaa,R (2661) Miami 2022 ½-½ (34)}) 11. Nc2 a5 12. b3 $146 ({RR} 12. Rb1 Nd7 13. b3 e5 14. a3 Re8 15. b4 axb4 16. axb4 f6 17. Bd2 Nf8 18. b5 Nd8 19. Nb4 Bxb4 20. Bxb4 Nde6 21. Nd2 Nc5 22. Bd5+ Nfe6 23. Ne4 Nxe4 24. Rxe4 Kh8 25. Qh5 g6 26. Qh6 Ng5 {Stanojevic,I (2230)-Pisu,R (2064) Eforie Nord ROU 2025 1-0 (37)}) 12... Rd8 13. Rb1 Nb4 14. a3 Nxc2 15. Qxc2 Bd7 16. Ne5 Be8 17. b4 axb4 18. axb4 Ra4 19. Bd2 Qa7 20. Qd1 Nd7 21. Nf3 Ra3 22. Ra1 Nb6 23. Ne5 Rxa1 24. Qxa1 Qxa1 25. Rxa1 f6 26. Nf3 Na4 27. Ne1 b6 28. f4 Nc3 29. Nc2 e5 30. Bxc3 dxc3 31. Be4 exf4 32. gxf4 Bd6 33. f5 Bf7 34. Ra3 Be5 35. d4 Bxd4+ 36. Nxd4 Rxd4 37. Ra8+ Be8 38. Rxe8+ Kf7 39. Re6 g6 40. Kf1 Rxc4 41. Bd5 Rd4 42. Bb3 c2 43. Re4+ Kg7 44. Bxc2 Rd2 45. Ba4 Rxh2 46. Re7+ Kh6 47. Rb7 gxf5 48. Rxb6 Kg5 49. Bc6 f4 50. Bg2 f5 51. Kg1 Rh4 52. Bf3 Rh3 53. Kg2 Rg3+ 54. Kf2 Rh3 55. Rb8 Rh2+ 56. Bg2 f3 57. Kxf3 Rh4 1-0

[Event "FIDE World Cup"]
[Site "Khanty-Mansiysk"]
[Date "2019.09.13"]
[Round "2.1"]
[White "Artemiev, Vladislav"]
[Black "Cheparinov, Ivan"]
[Result "1-0"]
[WhiteElo "2746"]
[BlackElo "2670"]
[PlyCount "129"]
[EventDate "2019.09.10"]
[EventType "k.o."]
[EventRounds "7"]
[EventCountry "RUS"]
[SourceTitle "CBM 192"]
[Source "ChessBase"]
[SourceDate "2019.10.31"]
[SourceVersion "1"]
[SourceVersionDate "2019.10.31"]
[SourceQuality "1"]

1. Nf3 c5 2. b3 d6 3. c4 e5 4. Nc3 g6 5. Bb2 Bg7 6. d3 f5 7. g3 Nf6 8. Bg2 O-O 9. O-O Nc6 10. e3 Kh8 $146 ({RR} 10... h6 11. a3 g5 12. b4 Rb8 13. bxc5 dxc5 14. Nd5 Qd6 15. Nd2 Be6 16. e4 f4 17. gxf4 gxf4 18. Qe2 Nh7 19. a4 Ng5 20. f3 b6 21. Bc3 Kh7 22. a5 Bf6 23. axb6 axb6 24. Rfb1 Bd8 25. Kh1 {Souza Neves,A (2126)-Di Berardino,D (2480) Sao Paulo 2011 0-1 (33)}) ({RR} 10... f4 11. Nd5 fxe3 12. fxe3 Nxd5 13. cxd5 Nb4 14. e4 Bd7 15. a3 Na6 16. Bc1 Nc7 17. Bg5 Qe8 18. Qd2 Nb5 19. a4 Nd4 20. Nxd4 Rxf1+ 21. Rxf1 exd4 22. Bf6 Bxf6 23. Rxf6 Qe7 24. Qf4 Rf8 25. Rxf8+ {Bacrot,E (2708)-Vachier Lagrave,M (2796) Paris 2017 0-1 (31)}) ({RR} 10... Bd7 11. a3 Qe7 12. Rb1 Rae8 13. Ba1 h6 14. b4 b6 15. bxc5 dxc5 16. Nh4 Kh7 17. Nd5 Nxd5 18. cxd5 Nd8 19. Nf3 Nf7 20. Re1 e4 21. Bxg7 Kxg7 22. dxe4 fxe4 23. Nd2 Ng5 24. h4 Nh3+ 25. Bxh3 {Droulers,D (2080)-Daurelle,H (2201) Paris 2000 0-1 (33)}) 11. Re1 Rb8 12. a3 a6 13. Nd5 b5 14. Nd2 Bb7 15. Bc3 Ne7 16. e4 Nexd5 17. exd5 Bc8 18. b4 cxb4 19. axb4 bxc4 20. dxc4 e4 21. Ra5 Ng4 22. Qa1 Bxc3 23. Qxc3+ Qf6 24. Qxf6+ Nxf6 25. Ra4 Re8 26. Nb3 Rb6 27. Rea1 Kg7 28. Nd4 Bd7 29. Rxa6 Rxb4 30. Bf1 Nxd5 31. Rxd6 Nf6 32. Ra7 Rc8 33. Ne6+ Kf7 34. Nf4 Rb1 35. Nd5 Nxd5 36. Rxd5 Rxc4 37. Raxd7+ Kf6 38. R7d6+ Ke7 39. Rd1 Rxd1 40. Rxd1 Rc2 41. Rb1 Kf6 42. Rb7 h5 43. Rb6+ Kg7 44. h4 Rc1 45. Kg2 Rc2 46. Rb3 Kf6 47. Ba6 Kf7 48. Kf1 Kf6 49. Rb6+ Kg7 50. Rd6 Kf7 51. Bb5 Rb2 52. Bc4+ Kg7 53. Ke1 Rc2 54. Bb5 Kf7 55. Ra6 Rb2 56. Ba4 e3 57. fxe3 Rg2 58. Bb3+ Kg7 59. Ra4 g5 60. hxg5 Rxg3 61. Kf2 Rxg5 62. Bd1 Kf6 63. Rh4 Kg6 64. Bf3 Kh6 65. Rh3 1-0